| 000 | 00760nam a22002537a 4500 | ||
|---|---|---|---|
| 001 | BR8304720 | ||
| 003 | BR-BrBNA | ||
| 005 | 20230928091735.0 | ||
| 007 | ta | ||
| 008 | 230509b bl.||||| |||| 00| 0 por d | ||
| 040 |
_aBR-BrBNA _bpor _cBiblioteca Nacional de Agricultura |
||
| 041 | _a(Por) | ||
| 072 |
_aL00; C00 _b/G514 |
||
| 090 | _ L00 BR8304720 | ||
| 100 | 1 | _aNascimento, E.C. do | |
| 110 | 1 |
_aComissao Executiva do Plano da Lavoura Cacaueira, Ilheus, BA (Brasil). Depto. de Extensao _92112 |
|
| 245 | 1 |
_aFundamentos da Pecuaria [Brasil] _bCurso pre-servico agosto de 1983 |
|
| 260 | 3 |
_aIlheus, BA (Brasil): _c1983. |
|
| 300 | _a10 p. | ||
| 650 | _aPECUARIA | ||
| 650 | _aEXTENSAO RURAL | ||
| 909 |
_a202309 _bLucia _c55 _dLucia Elande |
||
| 942 | _cBK | ||
| 999 |
_c35277 _d35277 |
||